[Event "EU-chT Seniors 65"]
[Site "Dresden"]
[Date "2022.11.04"]
[Round "9.2"]
[White "Rahls, Peter"]
[Black "Sandmeier, Toni"]
[Result "1-0"]
[WhiteElo "2223"]
[BlackElo "2154"]
[PlyCount "131"]
[EventDate "2022.10.27"]
[EventType "team-swiss"]
[EventRounds "9"]
[EventCountry "GER"]
[SourceTitle "EXT 2024"]
[Source "ChessBase"]
[SourceDate "2023.10.10"]
[SourceVersion "1"]
[SourceVersionDate "2023.10.10"]
[SourceQuality "1"]
[WhiteTeam "Berlin Kreuzberg 65"]
[BlackTeam "Eppingen 65"]
[WhiteTeamCountry "GER"]
[BlackTeamCountry "GER"]

1. e4 d6 2. d4 Nf6 3. Nc3 g6 4. g3 Bg7 5. Bg2 0-0 6. h3 c6 7. Nge2 Qc7 8. 0-0 e5 9. f4 Nbd7 10. dxe5 dxe5 11. f5 b5 12. g4 b4 13. Na4 Rd8 14. Qe1 Ba6 15. Rf2 Bb5 16. b3 Bf8 17. Ng3 Bxa4 18. bxa4 Bc5 19. Be3 Qb6 20. Bxc5 Qxc5 21. g5 Ne8 22. Kh2 Nb6 23. Qe2 Nc4 24. fxg6 hxg6 25. Qf3 Rd7 26. Nf1 Rad8 27. h4 Ng7 28. Bh3 Re7 29. Bg4 Qd4 30. Re1 Qc3 31. Qxc3 bxc3 32. Rf3 Nd2 33. Rxc3 Ne6 34. Bxe6 Rxe6 35. Kg2 Rd4 36. Nxd2 Rxd2+ 37. Kf3 Rd4 38. Ra3 Rc4 39. Re2 Rd6 40. Rd3 Rxd3+ 41. cxd3 Rxa4 42. Rc2 Ra3 43. Ke3 Kf8 44. Rxc6 Rxa2 45. Rc5 Rh2 46. Rxe5 Rxh4 47. Ra5 Rg4 48. d4 a6 49. Kf3 Rg1 50. Kf4 Rf1+ 51. Ke5 Rg1 52. Kd6 Rg4 53. Re5 a5 54. Kc5 Rg1 55. Kb5 Ra1 56. d5 a4 57. d6 Rd1 58. Kc6 Rc1+ 59. Kd7 Rc4 60. Re8+ Kg7 61. e5 Rc5 62. e6 fxe6 63. Kxe6 Rc2 64. d7 Re2+ 65. Kd6 Rd2+ 66. Kc6 1-0

[Event "EU-chT Seniors 65"]
[Site "Dresden"]
[Date "2022.11.03"]
[Round "8.2"]
[White "Sandmeier, Toni"]
[Black "Roos, Louis"]
[Result "0-1"]
[WhiteElo "2154"]
[BlackElo "2293"]
[PlyCount "96"]
[EventDate "2022.10.27"]
[EventType "team-swiss"]
[EventRounds "9"]
[EventCountry "GER"]
[SourceTitle "EXT 2024"]
[Source "ChessBase"]
[SourceDate "2023.10.10"]
[SourceVersion "1"]
[SourceVersionDate "2023.10.10"]
[SourceQuality "1"]
[WhiteTeam "Eppingen 65"]
[BlackTeam "Strasbourg 65"]
[WhiteTeamCountry "GER"]
[BlackTeamCountry "FRA"]

1. c4 Nf6 2. g3 e5 3. Bg2 c6 4. b3 d5 5. Bb2 Bd6 6. Nf3 Nbd7 7. 0-0 0-0 8. cxd5 cxd5 9. Nc3 d4 10. Nb5 Bb8 11. e3 a6 12. Na3 d3 13. Ne1 e4 14. f3 Be5 15. Qb1 Re8 16. Nc4 Bxb2 17. Qxb2 b5 18. Nd6 Re6 19. fxe4 Ne5 20. Nxc8 Rxc8 21. Bh3 Nfg4 22. Rc1 Rxc1 23. Qxc1 h5 24. Qc5 Rc6 25. Qd4 Rd6 26. Qc5 Qb6 27. Qxb6 Rxb6 28. Nf3 Nxf3+ 29. Rxf3 Ne5 30. Rf5 f6 31. Rxh5 g6 32. Rxe5 fxe5 33. Bf1 Rc6 34. Bxd3 Rd6 35. Bf1 Rxd2 36. a4 bxa4 37. bxa4 a5 38. h4 Kg7 39. Bb5 g5 40. h5 g4 41. Kf1 Kh6 42. Be8 Ra2 43. Kg1 Re2 44. Bg6 Rxe3 45. Kf2 Rf3+ 46. Kg2 Rc3 47. Bf7 Kg5 48. Kf2 Rf3+ 0-1

[Event "EU-chT Seniors 65"]
[Site "Dresden"]
[Date "2022.11.02"]
[Round "7.2"]
[White "Sandmeier, Toni"]
[Black "Meulders, Richard"]
[Result "1-0"]
[WhiteElo "2154"]
[BlackElo "2220"]
[PlyCount "99"]
[EventDate "2022.10.27"]
[EventType "team-swiss"]
[EventRounds "9"]
[EventCountry "GER"]
[SourceTitle "EXT 2024"]
[Source "ChessBase"]
[SourceDate "2023.10.10"]
[SourceVersion "1"]
[SourceVersionDate "2023.10.10"]
[SourceQuality "1"]
[WhiteTeam "Eppingen 65"]
[BlackTeam "Belgium 65"]
[WhiteTeamCountry "GER"]
[BlackTeamCountry "BEL"]

1. c4 e5 2. g3 c6 3. b3 d5 4. Bb2 f6 5. Bg2 Be6 6. cxd5 Bxd5 7. Nf3 Nd7 8. 0-0 Nh6 9. Nc3 Be6 10. d4 exd4 11. Nxd4 Bf7 12. Qd2 Bc5 13. Rfd1 Bxd4 14. Qxd4 Ne5 15. Qa4 Qb6 16. Ba3 Be6 17. Ne4 Nhf7 18. Rd6 Nxd6 19. Nxd6+ Kd7 20. Ne4 Rhe8 21. Rd1+ Kc7 22. Bd6+ Kc8 23. Bc5 Qa6 24. Nd6+ Kc7 25. Nxe8+ Rxe8 26. Qxa6 bxa6 27. Bxa7 Bg4 28. f3 Bc8 29. Bc5 Nf7 30. Kf2 Be6 31. e4 a5 32. Rd4 Ra8 33. Bf1 a4 34. Rxa4 Rxa4 35. bxa4 Bxa2 36. a5 Ne5 37. Bf8 g6 38. a6 Nd7 39. Be7 c5 40. Bh3 c4 41. Ke3 c3 42. Kd3 Ne5+ 43. Kxc3 Nxf3 44. Bd8+ Kb8 45. Bxf6 Bb1 46. e5 Ka7 47. e6 Ba2 48. e7 Bf7 49. Bf1 Nxh2 50. Bd4+ 1-0

[Event "WchT Seniors 65"]
[Site "Prague"]
[Date "2020.03.07"]
[Round "2.7"]
[White "Giffard, Nicolas"]
[Black "Sandmeier, Toni"]
[Result "1-0"]
[WhiteElo "2236"]
[BlackElo "2190"]
[PlyCount "73"]
[EventDate "2020.03.06"]
[EventType "team-swiss"]
[EventRounds "7"]
[EventCountry "CZE"]
[SourceTitle "CBM 195 Extra"]
[Source "ChessBase"]
[SourceDate "2020.05.31"]
[SourceVersion "1"]
[SourceVersionDate "2020.05.31"]
[SourceQuality "1"]
[WhiteTeam "France 65"]
[BlackTeam "Germany 65 VI"]
[WhiteTeamCountry "FRA"]
[BlackTeamCountry "GER"]

1. d4 Nf6 2. c4 e6 3. Nf3 c5 4. g3 cxd4 5. Nxd4 a6 6. Bg2 Qc7 7. Nd2 Be7 8. 0-0 0-0 9. b3 d6 10. Bb2 Nbd7 11. Rc1 Rb8 12. Qc2 Qa5 13. a3 Qh5 14. h3 Ne5 15. N4f3 Nxf3+ 16. Nxf3 Bd7 17. g4 Qa5 18. Nd4 Rfc8 19. b4 Qd8 20. Qd3 g6 21. e3 e5 22. Ne2 b5 23. c5 Be6 24. Rfd1 Bc4 25. Qc2 Qf8 26. cxd6 Bxd6 27. Nc3 a5 28. g5 axb4 29. axb4 Ne8 30. Qe4 f5 31. gxf6 Nxf6 32. Qh4 Bxb4 33. Nd5 Nxd5 34. Rxc4 Nc3 35. Rxb4 e4 36. Bxc3 Rxc3 37. Qxe4 1-0

[Event "Baden Wuerttemberg-ch Seniors 65+ op"]
[Site "Freudenstadt"]
[Date "2019.07.11"]
[Round "7"]
[White "Schmieder, Siegfried"]
[Black "Sandmeier, Toni"]
[Result "0-1"]
[WhiteElo "2009"]
[BlackElo "2181"]
[PlyCount "58"]
[EventDate "2019.07.05"]
[EventType "swiss"]
[EventRounds "9"]
[EventCountry "GER"]
[SourceTitle "EXT 2020"]
[Source "ChessBase"]
[SourceDate "2019.10.17"]
[SourceVersion "1"]
[SourceVersionDate "2019.10.17"]
[SourceQuality "1"]

1. e4 Nf6 2. Nc3 d6 3. f4 g6 4. Nf3 Bg7 5. Bc4 0-0 6. d3 c6 7. Bb3 a5 8. a4 Na6 9. 0-0 b5 10. axb5 cxb5 11. Qe1 Nc5 12. Ba2 Ba6 13. e5 Ng4 14. e6 f5 15. h3 b4 16. Nd5 Nf6 17. Nxf6+ Rxf6 18. Bd5 Rc8 19. g4 Nb7 20. Nd4 Rc5 21. Bb3 fxg4 22. hxg4 h5 23. g5 Rf8 24. Be3 Bxd4 25. Bxd4 Rcf5 26. Qe3 Qc7 27. c3 Nc5 28. Bxc5 dxc5 29. Rf2 Rxf4 0-1

[Event "Baden Wuerttemberg-ch Seniors 65+ op"]
[Site "Freudenstadt"]
[Date "2019.07.07"]
[Round "3"]
[White "Limberg, Siegfried"]
[Black "Sandmeier, Toni"]
[Result "0-1"]
[WhiteElo "1983"]
[BlackElo "2181"]
[PlyCount "86"]
[EventDate "2019.07.05"]
[EventType "swiss"]
[EventRounds "9"]
[EventCountry "GER"]
[SourceTitle "EXT 2020"]
[Source "ChessBase"]
[SourceDate "2019.10.17"]
[SourceVersion "1"]
[SourceVersionDate "2019.10.17"]
[SourceQuality "1"]

1. d4 Nf6 2. Nf3 c5 3. e3 d5 4. c3 Nc6 5. Bd3 Bg4 6. h3 Bh5 7. Be2 e6 8. Nbd2 Bd6 9. 0-0 0-0 10. dxc5 Bxc5 11. Nd4 Bg6 12. N2f3 Qc7 13. Nh4 Be4 14. Bd3 Ne5 15. Be2 Rad8 16. Nhf3 Ng6 17. Qa4 e5 18. Nb3 Bb6 19. Bd2 a6 20. Rac1 Ba7 21. c4 d4 22. c5 dxe3 23. Bxe3 Bb8 24. g3 Bc6 25. Qa5 Qd7 26. Kh2 Qf5 27. Nbd2 h5 28. Qb4 Nd5 29. Qb3 h4 30. Bd3 hxg3+ 31. fxg3 Qh5 32. Bxg6 Qxg6 33. Nh4 Nxe3 34. Qxe3 Qd3 35. Qxd3 Rxd3 36. Rf2 e4 37. Nf1 g6 38. Ng2 Rfd8 39. Nge3 f5 40. Ng2 Kf7 41. Nf4 Rd1 42. Rxd1 Rxd1 43. h4 e3 0-1

[Event "GER-chT Laender Seniors 65+"]
[Site "Templin"]
[Date "2018.09.12"]
[Round "3.1"]
[White "Sandmeier, Toni"]
[Black "Waschk, Armin"]
[Result "0-1"]
[WhiteElo "2157"]
[BlackElo "2157"]
[PlyCount "70"]
[EventDate "2018.09.10"]
[EventType "team-swiss"]
[EventRounds "7"]
[EventCountry "GER"]
[SourceTitle "EXT 2020"]
[Source "ChessBase"]
[SourceDate "2019.10.17"]
[SourceVersion "1"]
[SourceVersionDate "2019.10.17"]
[SourceQuality "1"]
[WhiteTeam "Baden II"]
[BlackTeam "Mecklenburg Vorpommern"]
[WhiteTeamCountry "GER"]
[BlackTeamCountry "GER"]

1. c4 e6 2. g3 Nf6 3. Bg2 d5 4. Nf3 d4 5. 0-0 c5 6. e3 Nc6 7. exd4 cxd4 8. d3 Bd6 9. Na3 Bxa3 10. bxa3 0-0 11. Re1 Qd6 12. a4 e5 13. Qb3 Re8 14. Ng5 Qc7 15. f4 h6 16. Ne4 Nxe4 17. Bxe4 f6 18. Rb1 Kh8 19. f5 Rb8 20. Qd1 Nd8 21. Qh5 Qf7 22. Qh4 Qf8 23. g4 Nf7 24. Qh5 b6 25. Bd5 Ng5 26. h4 Nh7 27. g5 fxg5 28. hxg5 Bxf5 29. g6 Bxd3 30. gxh7 Bxb1 31. Rf1 Qd6 32. Rf7 Bg6 33. Bxh6 Bxh5 34. Bxg7+ Kxh7 35. Rxa7 Re7 0-1

[Event "Baden Wuerttemberg-ch Seniors op 4th"]
[Site "Freudenstadt"]
[Date "2018.06.16"]
[Round "2"]
[White "Sandmeier, Toni"]
[Black "Schroeter, Guenter Paul"]
[Result "1-0"]
[WhiteElo "2145"]
[BlackElo "1959"]
[PlyCount "63"]
[EventDate "2018.06.15"]
[EventType "swiss"]
[EventRounds "9"]
[EventCountry "GER"]
[SourceTitle "EXT 2019"]
[Source "ChessBase"]
[SourceDate "2018.10.10"]
[SourceVersion "1"]
[SourceVersionDate "2018.10.10"]
[SourceQuality "1"]

1. c4 e5 2. g3 Nf6 3. Bg2 Bc5 4. Nc3 a6 5. e3 0-0 6. Nge2 Nc6 7. 0-0 Rb8 8. d4 exd4 9. exd4 Bb4 10. Nd5 Be7 11. Bf4 d6 12. Rc1 Nxd5 13. cxd5 Na7 14. Qc2 c6 15. h3 Bd7 16. Rfd1 Re8 17. Nc3 Rc8 18. Qb3 b5 19. a4 Qb6 20. dxc6 Bxc6 21. Nd5 Bxd5 22. Bxd5 Rf8 23. Rxc8 Nxc8 24. Rc1 Qxd4 25. Bxf7+ Kh8 26. axb5 axb5 27. Be6 Rxf4 28. gxf4 Nb6 29. Qxb5 Qxf4 30. Rc7 Qg5+ 31. Qxg5 Bxg5 32. Rb7 1-0

[Event "GER-chT Seniors 26th"]
[Site "Templin"]
[Date "2017.09.29"]
[Round "5.1"]
[White "Krueger, Horst"]
[Black "Sandmeier, Toni"]
[Result "1/2-1/2"]
[WhiteElo "2036"]
[BlackElo "2162"]
[PlyCount "31"]
[EventDate "2017.09.25"]
[EventType "team-swiss"]
[EventRounds "7"]
[EventCountry "GER"]
[SourceTitle "EXT 2019"]
[Source "ChessBase"]
[SourceDate "2018.10.10"]
[SourceVersion "1"]
[SourceVersionDate "2018.10.10"]
[SourceQuality "1"]
[WhiteTeam "Mecklenburg Vorpommern II"]
[BlackTeam "Baden II"]
[WhiteTeamCountry "GER"]
[BlackTeamCountry "GER"]

1. c4 Nf6 2. Nc3 g6 3. d4 Bg7 4. e4 d6 5. Bd3 e5 6. d5 0-0 7. Nf3 Nh5 8. h3 Nd7 9. g4 Nf4 10. Bxf4 exf4 11. Qd2 Ne5 12. Nxe5 Bxe5 13. f3 Bd7 14. h4 a6 15. h5 g5 16. Rb1 1/2-1/2

[Event "Baden Wuerttemberg-ch Seniors op 3rd"]
[Site "Freudenstadt"]
[Date "2017.07.06"]
[Round "7"]
[White "Sandmeier, Toni"]
[Black "Eichner, Christian"]
[Result "1-0"]
[WhiteElo "2143"]
[BlackElo "2053"]
[PlyCount "97"]
[EventDate "2017.06.30"]
[EventType "swiss"]
[EventRounds "9"]
[EventCountry "GER"]
[SourceTitle "EXT 2019"]
[Source "ChessBase"]
[SourceDate "2018.10.10"]
[SourceVersion "1"]
[SourceVersionDate "2018.10.10"]
[SourceQuality "1"]

1. c4 e5 2. Nc3 Nf6 3. g3 d5 4. cxd5 Nxd5 5. Bg2 Be6 6. Nf3 Nc6 7. 0-0 Nb6 8. d3 Be7 9. a3 0-0 10. b4 Nd4 11. Nd2 Nd5 12. Bb2 Nxc3 13. Bxc3 c6 14. a4 Bd5 15. Bh3 Bf6 16. e3 Be6 17. Bg2 Nf5 18. Qb1 Ne7 19. Ne4 Nd5 20. Nxf6+ gxf6 21. Bd2 Qd7 22. Rc1 a6 23. Ra3 Rfd8 24. Qb2 Ne7 25. Rac3 Bd5 26. e4 Be6 27. Bh6 Qd4 28. Be3 Qd7 29. Bb6 Re8 30. d4 Nc8 31. Bc5 b6 32. d5 cxd5 33. exd5 Bh3 34. Bxh3 Qxh3 35. Be3 Qd7 36. Qd2 b5 37. Rc7 Qf5 38. d6 Rd8 39. d7 Ne7 40. Bc5 Qe6 41. axb5 axb5 42. Bxe7 Qxe7 43. Rc8 Qf8 44. Qc3 Kg7 45. Qf3 Ra7 46. Qg4+ Kh6 47. R1c6 Qe7 48. h4 Raxd7 49. Qg5# 1-0

[Event "Baden Wuerttemberg-ch Seniors op 3rd"]
[Site "Freudenstadt"]
[Date "2017.07.05"]
[Round "6"]
[White "Mertens, Klaus"]
[Black "Sandmeier, Toni"]
[Result "1/2-1/2"]
[WhiteElo "2094"]
[BlackElo "2143"]
[PlyCount "33"]
[EventDate "2017.06.30"]
[EventType "swiss"]
[EventRounds "9"]
[EventCountry "GER"]
[SourceTitle "EXT 2019"]
[Source "ChessBase"]
[SourceDate "2018.10.10"]
[SourceVersion "1"]
[SourceVersionDate "2018.10.10"]
[SourceQuality "1"]

1. Nf3 g6 2. g3 Bg7 3. d4 c5 4. c3 b6 5. Bg2 Bb7 6. 0-0 Nf6 7. Re1 0-0 8. Nbd2 d5 9. Ne5 Nc6 10. Ndf3 Ne4 11. Nxc6 Bxc6 12. Ne5 Bb7 13. Be3 Rc8 14. Nd3 c4 15. Ne5 f6 16. Nf3 e5 17. Qc1 1/2-1/2

[Event "GER CupT Baden Seniors final"]
[Site "Baden"]
[Date "2017.06.25"]
[Round "4.2"]
[White "Sandmeier, Toni"]
[Black "Herbrechtsmeier, Christof"]
[Result "1/2-1/2"]
[WhiteElo "2143"]
[BlackElo "2279"]
[PlyCount "34"]
[EventDate "2017.06.24"]
[EventType "team-tourn"]
[EventRounds "2"]
[EventCountry "GER"]
[SourceTitle "EXT 2022"]
[Source "ChessBase"]
[SourceDate "2021.10.06"]
[SourceVersion "1"]
[SourceVersionDate "2021.10.06"]
[SourceQuality "1"]
[WhiteTeam "Eppingen"]
[BlackTeam "Emmendingen/Endingen"]
[WhiteTeamCountry "GER"]
[BlackTeamCountry "GER"]

1. c4 e5 2. g3 Nc6 3. Bg2 Bc5 4. e3 a6 5. Ne2 d6 6. 0-0 h5 7. d4 exd4 8. exd4 Ba7 9. Re1 h4 10. Nbc3 hxg3 11. hxg3 Kf8 12. Be3 Bg4 13. Qd2 Qd7 14. Rac1 Qf5 15. f3 Bh3 16. Nf4 Bxg2 17. Kxg2 Re8 1/2-1/2

[Event "Alsace-Baden"]
[Site "Strasbourg"]
[Date "2015.09.13"]
[Round "?.14"]
[White "Choisy, Mathilde"]
[Black "Sandmeier, Toni"]
[Result "1/2-1/2"]
[WhiteElo "2181"]
[BlackElo "2153"]
[PlyCount "104"]
[EventDate "2015.09.13"]
[EventType "team-match"]
[EventRounds "1"]
[EventCountry "FRA"]
[SourceTitle "EXT 2018"]
[Source "ChessBase"]
[SourceDate "2017.10.13"]
[SourceVersion "1"]
[SourceVersionDate "2017.10.13"]
[SourceQuality "1"]
[WhiteTeam "Alsace"]
[BlackTeam "Baden"]
[WhiteTeamCountry "FRA"]
[BlackTeamCountry "GER"]

1. e4 Nf6 2. e5 Nd5 3. d4 d6 4. c4 Nb6 5. exd6 cxd6 6. Nc3 g6 7. Be3 Bg7 8. Rc1 0-0 9. b3 Nc6 10. d5 Nb8 11. Be2 e5 12. dxe6 Bxe6 13. Nf3 Nc6 14. 0-0 Rc8 15. Qd2 Ne7 16. Nd4 d5 17. c5 Nd7 18. b4 Ne5 19. Ncb5 N7c6 20. Nd6 Rb8 21. f4 Nxd4 22. Bxd4 Nc6 23. Bxg7 Kxg7 24. f5 gxf5 25. Nxf5+ Kh8 26. b5 Ne5 27. Qd4 f6 28. Ne3 Qd7 29. Rf2 Qg7 30. Rcf1 f5 31. Kh1 Rg8 32. g3 Ng4 33. Qxg7+ Rxg7 34. Nxg4 fxg4 35. Rf8+ Rxf8 36. Rxf8+ Rg8 37. Rf6 Re8 38. c6 bxc6 39. bxc6 Kg7 40. Rf4 Rc8 41. Bxg4 Rxc6 42. Bxe6 Rxe6 43. Kg2 d4 44. Rf2 Re3 45. Rd2 Kf6 46. Rxd4 Re2+ 47. Kh3 Rxa2 48. Rd7 Kg6 49. Rd6+ Kg5 50. Rd5+ Kg6 51. Rd6+ Kg5 52. Rd5+ Kg6 1/2-1/2

[Event "EU-chT Seniors"]
[Site "Vienna"]
[Date "2015.07.17"]
[Round "6.9"]
[White "Sandmeier, Toni"]
[Black "Kratschmer, Heinz"]
[Result "1/2-1/2"]
[WhiteElo "2171"]
[BlackElo "2079"]
[PlyCount "40"]
[EventDate "2015.07.12"]
[EventType "team-swiss"]
[EventRounds "9"]
[EventCountry "AUT"]
[SourceTitle "EXT 2018"]
[Source "ChessBase"]
[SourceDate "2017.10.13"]
[SourceVersion "1"]
[SourceVersionDate "2017.10.13"]
[SourceQuality "1"]
[WhiteTeam "Eppingen"]
[BlackTeam "Steiermark"]
[WhiteTeamCountry "GER"]
[BlackTeamCountry "AUT"]

1. c4 e5 2. Nc3 Nf6 3. g3 d5 4. cxd5 Nxd5 5. Bg2 Nb6 6. Nf3 Nc6 7. 0-0 Be7 8. a3 0-0 9. b4 Re8 10. Bb2 Nc4 11. Bc1 Bf6 12. Rb1 e4 13. Nxe4 Rxe4 14. d3 Re8 15. dxc4 Bf5 16. Qxd8 Raxd8 17. Rb3 Rxe2 18. Bf4 Bc2 19. Re3 Rxe3 20. fxe3 Rd7 1/2-1/2

[Event "EU-chT Seniors"]
[Site "Vienna"]
[Date "2015.07.16"]
[Round "5.9"]
[White "Mueller, Gerhard"]
[Black "Sandmeier, Toni"]
[Result "1-0"]
[WhiteElo "2051"]
[BlackElo "2171"]
[PlyCount "89"]
[EventDate "2015.07.12"]
[EventType "team-swiss"]
[EventRounds "9"]
[EventCountry "AUT"]
[SourceTitle "EXT 2018"]
[Source "ChessBase"]
[SourceDate "2017.10.13"]
[SourceVersion "1"]
[SourceVersionDate "2017.10.13"]
[SourceQuality "1"]
[WhiteTeam "Bielefeld Rochade"]
[BlackTeam "Eppingen"]
[WhiteTeamCountry "GER"]
[BlackTeamCountry "GER"]

1. e4 Nf6 2. Nc3 c5 3. e5 Ng8 4. Nf3 Nc6 5. Bc4 d6 6. exd6 exd6 7. 0-0 Be7 8. d4 Nf6 9. d5 Nb8 10. h3 0-0 11. Bf4 Na6 12. Re1 Nc7 13. a4 b6 14. Qd3 a6 15. Bg5 Rb8 16. Rab1 Qd7 17. b4 h6 18. Bh4 g5 19. Bg3 cxb4 20. Rxb4 Nh5 21. Bh2 b5 22. axb5 axb5 23. Nxb5 Na6 24. Rbb1 Nc5 25. Qe2 Re8 26. Nxg5 Nf6 27. Nf3 Bf8 28. Qf1 Nfe4 29. Nbd4 Rxb1 30. Rxb1 Bg7 31. Bb5 Qd8 32. Bxe8 Qxe8 33. Nc6 Bb7 34. Qc4 Qd7 35. Re1 f5 36. Bf4 Qf7 37. Nfd4 Ba6 38. Qb4 Kh7 39. f3 Ng5 40. Bxd6 Nxh3+ 41. Kh2 Nb7 42. Re7 Qh5 43. gxh3 Bf1 44. Rxg7+ Kh8 45. Rg3 1-0

[Event "EU-chT Seniors"]
[Site "Vienna"]
[Date "2015.07.13"]
[Round "2.8"]
[White "Stuerzenbaum, Arthur"]
[Black "Sandmeier, Toni"]
[Result "1/2-1/2"]
[WhiteElo "2125"]
[BlackElo "2171"]
[PlyCount "41"]
[EventDate "2015.07.12"]
[EventType "team-swiss"]
[EventRounds "9"]
[EventCountry "AUT"]
[SourceTitle "EXT 2018"]
[Source "ChessBase"]
[SourceDate "2017.10.13"]
[SourceVersion "1"]
[SourceVersionDate "2017.10.13"]
[SourceQuality "1"]
[WhiteTeam "Austria II"]
[BlackTeam "Eppingen"]
[WhiteTeamCountry "AUT"]
[BlackTeamCountry "GER"]

1. e4 Nf6 2. Nc3 d6 3. d4 g6 4. f4 Bg7 5. Nf3 0-0 6. Bd3 Na6 7. 0-0 Nb4 8. a3 Nxd3 9. Qxd3 Bd7 10. Kh1 Rb8 11. Be3 b5 12. b3 a5 13. b4 c6 14. Nd2 Ng4 15. Bg1 f5 16. e5 Be6 17. h3 Nh6 18. Qe3 Re8 19. Rad1 Nf7 20. Nf3 Qc7 21. Rfe1 1/2-1/2

[Event "EU-chT Seniors"]
[Site "Vienna"]
[Date "2015.07.12"]
[Round "1.10"]
[White "Sandmeier, Toni"]
[Black "Muratoglu, Salih"]
[Result "1/2-1/2"]
[WhiteElo "2171"]
[BlackElo "2024"]
[PlyCount "108"]
[EventDate "2015.07.12"]
[EventType "team-swiss"]
[EventRounds "9"]
[EventCountry "AUT"]
[SourceTitle "EXT 2018"]
[Source "ChessBase"]
[SourceDate "2017.10.13"]
[SourceVersion "1"]
[SourceVersionDate "2017.10.13"]
[SourceQuality "1"]
[WhiteTeam "Eppingen"]
[BlackTeam "Turkey"]
[WhiteTeamCountry "GER"]
[BlackTeamCountry "TUR"]

1. c4 Nf6 2. g3 c5 3. Bg2 Nc6 4. Nc3 g6 5. Nf3 Bg7 6. d4 cxd4 7. Nxd4 0-0 8. 0-0 Qb6 9. Nc2 Qc5 10. Nd5 Nxd5 11. cxd5 Nd4 12. Ne1 d6 13. Nd3 Qc7 14. e3 Nf5 15. Bd2 Bd7 16. Qb3 Qb6 17. Qa3 Bb5 18. Ba5 Qa6 19. Nb4 Bxb2 20. Qxb2 Qxa5 21. Rfe1 Rac8 22. Bh3 Rc4 23. Rab1 a6 24. a3 Ng7 25. e4 f6 26. Nc2 Qa4 27. Nb4 a5 28. Na2 Bd7 29. Nc3 Rxc3 30. Bxd7 Qxa3 31. Qxb7 Qc5 32. Bh3 Qc7 33. Qa6 Rc2 34. Rb7 Qc3 35. Rf1 Qe5 36. Qa7 Kf7 37. Be6+ Nxe6 38. Rxe7+ Kg8 39. Rxh7 Nc7 40. Rxc7 Rxc7 41. Qxc7 a4 42. Rb1 Qe8 43. Qxd6 Qxe4 44. Rb4 Qe2 45. Kg2 a3 46. Ra4 a2 47. Qa3 Rd8 48. Qc3 Qd1 49. Ra5 a1Q 50. Rxa1 Qxd5+ 51. Kg1 Qf7 52. h4 Kg7 53. Qc5 Rd5 54. Qb6 Rd7 1/2-1/2

[Event "Oberliga Baden 1415"]
[Site "Baden"]
[Date "2015.02.22"]
[Round "7.7"]
[White "Becker, Dirk"]
[Black "Sandmeier, Toni"]
[Result "1/2-1/2"]
[WhiteElo "2083"]
[BlackElo "2180"]
[PlyCount "120"]
[EventDate "2014.09.21"]
[EventType "team-tourn"]
[EventRounds "9"]
[EventCountry "GER"]
[SourceTitle "EXT 2016"]
[Source "ChessBase"]
[SourceDate "2015.10.08"]
[SourceVersion "1"]
[SourceVersionDate "2015.10.08"]
[SourceQuality "1"]
[WhiteTeam "Baden-Baden III"]
[BlackTeam "Eppingen II"]
[WhiteTeamCountry "GER"]
[BlackTeamCountry "GER"]

1. e4 Nf6 2. e5 Nd5 3. Nc3 Nb6 4. d4 d6 5. f4 g6 6. Nf3 Bg7 7. Be3 0-0 8. Bd3 f6 9. 0-0 Bg4 10. exd6 cxd6 11. f5 e5 12. fxg6 f5 13. gxh7+ Kh8 14. Be2 Bxf3 15. Bxf3 Nc4 16. Bc1 exd4 17. Nd5 Nc6 18. Rb1 Qh4 19. b3 Ne3 20. Nxe3 dxe3 21. g3 Qg5 22. Bb2 Bxb2 23. Rxb2 f4 24. c4 Rae8 25. Rg2 Qc5 26. Kh1 Nd4 27. Qa1 Kxh7 28. Qb1+ Kh8 29. Qb2 Qe5 30. gxf4 Rxf4 31. Be2 Rxf1+ 32. Bxf1 Rf8 33. Qa1 Qf6 34. Bd3 Rg8 35. Rxg8+ Kxg8 36. Qg1+ Kf8 37. Qxe3 Nc6 38. Kg2 Ne5 39. Be4 Ke7 40. Bd5 Qg6+ 41. Kf2 b6 42. Qe4 Qh6 43. h4 Qd2+ 44. Kg3 Qc3+ 45. Kf4 Qc1+ 46. Qe3 Kf6 47. Qxc1 Nd3+ 48. Ke4 Nxc1 49. Bg8 Nxa2 50. Kd5 Nc1 51. b4 a5 52. bxa5 bxa5 53. Kxd6 Nb3 54. Bh7 a4 55. Bc2 Na5 56. c5 a3 57. Bb1 a2 58. Bxa2 Nb7+ 59. Kd5 Nxc5 60. Kxc5 Kg7 1/2-1/2

[Event "GER-chT Seniors 23rd"]
[Site "Bergen"]
[Date "2014.09.07"]
[Round "7.4"]
[White "Schellhorn, Wolfgang"]
[Black "Sandmeier, Toni"]
[Result "1-0"]
[WhiteElo "2146"]
[BlackElo "2202"]
[PlyCount "77"]
[EventDate "2014.09.01"]
[EventType "team-swiss"]
[EventRounds "7"]
[EventCountry "GER"]
[SourceTitle "EXT 2018"]
[Source "ChessBase"]
[SourceDate "2017.10.13"]
[SourceVersion "1"]
[SourceVersionDate "2017.10.13"]
[SourceQuality "1"]

1. e4 Nf6 2. Nc3 d6 3. d4 g6 4. Nf3 Bg7 5. h3 0-0 6. Be3 c5 7. d5 Qa5 8. Nd2 Bd7 9. Nc4 Qc7 10. a4 Na6 11. Be2 Nb4 12. 0-0 b6 13. f4 Rfd8 14. Bf3 a6 15. a5 bxa5 16. Nxa5 Bb5 17. Rf2 e6 18. dxe6 fxe6 19. Rd2 Ne8 20. Qe1 Rab8 21. Qf2 Bc6 22. Nd1 Ba8 23. c3 Nc6 24. Nc4 a5 25. Qg3 Bb7 26. Bf2 Qf7 27. Nxa5 Nxa5 28. Rxa5 Bh6 29. Be3 Nf6 30. Ra7 Rd7 31. Qh4 Nh5 32. f5 Bg7 33. Bg4 exf5 34. exf5 Qc4 35. Bg5 Ba6 36. Ne3 Rxa7 37. Nxc4 Bxc4 38. Bxh5 Ra1+ 39. Rd1 1-0